00553nam a2200169 4500003001100000005001700011008004100028020001500069040003900084041000800123082001600131100002800147245010700175260004100282300002300323650003700346LK-CoMWRAF20231207124154.0231126b2002 |||||||| |||| 00| 0 eng d a9559151371 aLK-CoMWRAFdLK-CoMWRAFeLK-CoMWRAF aeng a348.04bHUS aHussain, M. S. Mohammed aHussain's complete digest of case law of Sri Lanka : 1820-2000, bVol-18 Public servant to Resjudicata a Kandy : bArafa (Pvt.) Ltd., c2002 axiv, 683 p.; 26 cm aLaw reports, digests, -Sri Lanka